000 01091cam a2200241 4500
001 ABS65838
008 020903n2002 000 0 eng u
035 _a(Sirsi) u119539
100 _aGummer, J.
245 _aBrown's duty is to stamp on borrowing
260 _c2002
490 _aEstates Gazette
_v(0234) 24 August 2002, 37(1)
520 _aDiscussion about the continuing boom in the housing market and the resulting effect on the rest of the economy. Argues the economy has been performing relatively well in comparison with Britain's neighbours but there is now concern about the problems of balancing the need to maintain economic growth and to dampen down the housing boom. Also considers that the boom could come to a halt naturally and cause deflation and a loss in consumer confidence.
590 _aABS
650 _aHOUSING MARKET
650 _aHOUSING BOOM
650 _aDEFLATION
650 _aBANK OF ENGLAND
650 _aINTEREST RATES
650 _aCONSUMER CONFIDENCE
690 _aPROPERTY-RESIDENTIAL PROPERTY-RESIDENTIAL PROPERTY MARKET
942 _n0
999 _c71068
_d71068